00273nam a2200097Ia 4500008004100000020001500041100002200056245003600078260004400114300001700158180205s9999 xx 000 0 und d a9712331253 aBascara, Linda R. aWriting for a corporate world / aRecto Avenue CitybREX book storec2001 av, 183 pages